LEADER 00821nam0-2200313---450- 001 990009120330403321 005 20100709085531.0 035 $a000912033 035 $aFED01000912033 035 $a(Aleph)000912033FED01 035 $a000912033 100 $a20091125d1958----km-y0itaa50------ba 101 0 $afre 102 $aFR 105 $a--------001yy 200 1 $aCaligula$esuivi de le malentendu$fAlbert Camus 210 $aParis$cGallimard$d1958 215 $a254 pg.$d18 cm 225 1 $a<>livre de poche 610 0 $aTeatro francese 676 $a842.91 700 1$aCamus,$bAlbert$f<1913-1960>$0131426 801 0$aIT$bUNINA$gRICA$2UNIMARC 901 $aBK 912 $a990009120330403321 952 $a842.91 CAM$bdono$fDECLI 959 $aDECLI 996 $a"Caligula"$9183533 997 $aUNINA LEADER 01109nam a2200313 i 4500 001 991002931289707536 005 20020509105215.0 008 990423s1974 be ||| | eng 020 $a9004039880 035 $ab1108246x-39ule_inst 035 $aPARLA171763$9ExL 040 $aDip.to Scienze Storiche Fil. e Geogr.$bita 082 0 $a189 100 1 $aDronke, Peter$0155570 245 10$aFabula :$bexplorations into the uses of myth in medieval Platonism /$cby Peter Dronke 260 $aLeiden :$bE. J. Brill,$c1974 300 $a200 p. ;$c25 cm. 490 0 $aMittellateinische Studien und Texte ;$v9 650 4$aCosmologia$xStoria 650 4$aFilosofia medievale 650 4$aLetteratura latina medievale e moderna$xStoria e critica 650 4$aMito$xFilosofia 650 4$aPlatonici 907 $a.b1108246x$b23-02-17$c28-06-02 912 $a991002931289707536 945 $aLE009 STOR.37-7bis$g1$i2009000007925$lle009$o-$pE0.00$q-$rl$s- $t0$u0$v0$w0$x0$y.i11212780$z28-06-02 996 $aFabula$9487604 997 $aUNISALENTO 998 $ale009$b01-01-99$cm$da $e-$feng$gbe $h0$i1 LEADER 02725nam 2200481 450 001 9910817495403321 005 20220705101152.0 010 $a3-657-78399-7 024 7 $a10.30965/9783657783991 035 $a(CKB)4330000000532787 035 $a(GyWOH)har160252138 035 $a(nllekb)BRILL9783657783991 035 $a(MiAaPQ)EBC6517588 035 $a(Au-PeEL)EBL6517588 035 $a(OCoLC)1243546350 035 $a(Brill | Scho?ningh)9783657783991 035 $a(EXLCZ)994330000000532787 100 $a20220705d2017 uy 0 101 0 $ager 135 $aurun####uuuua 181 $2rdacontent 182 $2rdamedia 183 $2rdacarrier 200 10$aLand ohne Hoffnung? $earabischer Nationalismus, politischer Islam und die Zukunft Pala?stinas /$fAref Hajjaj 205 $a1st ed. 210 1$aPaderborn :$cFerdinand Scho?ningh,$d[2017] 210 4$d©2017 215 $a1 online resource 311 $a3-506-78399-8 320 $aIncludes bibliographical references. 327 $aPreliminary Material -- Einleitung -- Geistige Wurzeln des arabischen Nationalismus -- Panarabismus und Palästina-Konflikt (1939 ? 1967) -- Die Vertreibung der Palästinenser -- Arabischer Nationalismus, Zionismus und das Ende der Zweistaaten-Lösung -- Zum Zusammenleben verurteilt -- Ausblick -- Anmerkungen -- Literaturverzeichnis -- Personenregister. 330 $aDas Buch begibt sich auf die - auch nach Europa fu?hrenden - historischen Spuren des arabischen Nationalismus und des politischen Islam. Es erkla?rt die Zusammenha?nge zwischen dem Pala?stinakonflikt und dem Fla?chenbrand, der den Irak und Syrien erfasst hat. Aref Hajjaj vertritt die Ansicht, dass der aktuelle Dschihadismus, wie er sich im »Islamischen Staat« zeigt, viel enger mit weltlich orientierten Kra?ften des arabischen Nationalismus verbunden ist, als viele Medienberichte glauben machen wollen. Der Irakkrieg und die Repressionen gegen die Pala?stinenser durch Israel haben zur gegenwa?rtigen Krise im Nahen und Mittleren Osten entscheidend beigetragen. Ein eigener pala?stinensischer Staat ist durch den israelischen Siedlungsbau inzwischen unmo?glich geworden. Hajjaj pla?diert daher langfristig fu?r einen gemeinsamen Staat von Israelis und Pala?stinensern, fu?r den beide Seiten von ihrem jeweiligen Nationalismus Abschied nehmen mu?ssten. 606 $aNationalism$zArab countries$xHistory 615 0$aNationalism$xHistory. 676 $a320.5409174927 700 $aHajjaj$b Aref Said$f1943-$01661687 801 0$bMiAaPQ 801 1$bMiAaPQ 801 2$bMiAaPQ 906 $aBOOK 912 $a9910817495403321 996 $aLand ohne Hoffnung$94017770 997 $aUNINA